000 00533nam a2200193 a 4500
001 1770460530104
003 YourLibrary
005 20260207160834.0
008 260207s2007##################000#0#eng##
020 _a9780415350266
082 0 4 _a306.3620
_bALT
100 1 _aAltink, Henrice,
_eauthor.
245 1 0 _aRepresentations of Slave Women in Discourses on Slavery and Abolition, 1780-1838 :
260 _c2007.
300 _a263 pages
650 0 _aHistory.
942 _cENGLISH
040 _aYourLibrary
_beng
_cYourLibrary
999 _c611209
_d611209